Plus grandes villes de Bolivie - Statistiques

Statistiques générales
  • Ce quiz a été pris 160 fois
  • Le résultat moyen est 5 sur 10
Statistiques - réponses
Population Ville % Correct
2,004,652 La Paz
100%
224,838 Sucre
98%
1,831,434 Santa Cruz de la Sierra
76%
841,276 Cochabamba
58%
141,251 Potosi
43%
208,684 Oruro
37%
159,269 Tarija
28%
88,616 Montero
10%
172,405 Quillacollo
5%
180,726 Sacaba
3%
Aucun quiz correspondant
Distribution des résultats
% des personnes avec chaque résultat
Percentile par nombre de réponses
Votre historique - résultats
Vous n’avez pas pris ce quiz